00494nam a22001457a 4500003000400000008004100004020001800045082001700063100002200080245008800102260003900190300001600229650007800245700002500323OSt260625b |||||||| |||| 00| 0 eng d a9780128194652 a674.38bZ12W aZabel, Robert A.  aWood Microbiology : Decay and Its Prevention/by Robert A. Zabel, Jeffrey J. Morrell aLondon : bAcademic Press, c2020. axix, 556 p. a Wood preservation | technological protection | environmental degradation aMorrell, Jeffrey J.